00501nam a22001577a 450000500170000001000150001702000260003203500140005803700090007208200100008110000250009124500660011626000590018227000800024130000220032120240624165446.0 aENG-140696 a9789391028220c399.00 aEN-124228 bDBAD a230.1 aRamachandran, Nalini aGods Giants & The Geography of India/cBy Nalini Ramachandran aGurugrambHachelle Book Publishing India Pvt Ltdc2021 a4th & %th Floor, Corporate Centre, Plot No. 94, Sector 44bGurugrame122003 ax,270p.c20cm(pb)